=LDR 00000nam 2200000 4500 =001 NUTBA000000000000646 =005 20200917125615 =035 ##$$a 0010-031400000000645 =008 200917###########################0###### =020 ##$$a 978-979-068-197-2 =082 ##$$a 330.07 =100 ##$$a PERMANA, LENI =245 1#$$a EKONOMI UNTUK SMA =260 ##$$a Jakarta :$b Pusat Perbukuan, Departemen Pendi. Nasional,$c 2009 =300 ##$$a VI, 295 HLM =440 ##$$aEKONOMI UNTUK SMA =700 #$$a $aPERMANA, LENI =850 ##$$aNBPNMAT =990 ##$$a 91828/BPAP-NTB/2014